Country Antipodes of South America - Statistics

General Stats
  • This quiz has been taken 80 times
  • The average score is 15 of 17
Answer Stats
Country % Correct
China
99%
Russia
96%
Thailand
94%
Vietnam
94%
Japan
93%
Laos
93%
South Korea
93%
Mongolia
92%
Cambodia
90%
Indonesia
90%
Malaysia
90%
Brunei
85%
Philippines
85%
Taiwan
83%
Singapore
81%
Palau
61%
F.S. Micronesia
58%
No matching quizzes found
Score Distribution
Percent of People with Each Score
Percentile by Number Answered
Your Score History
You have not taken this quiz